000 00884pam a2200265 a 4500
001 989501
003 ARRUPE
005 20160223113224.0
008 861006s1987 pau b s001 0 eng
010 _a 86023095
020 _a0877224714 (alk. paper) :
_c$29.95
040 _aDLC
_cDLC
_dDLC
050 0 0 _aK230.H3652
_bM37 1987
082 0 0 _a340/.1
_219
100 1 _aMartin, Michael,
_d1932 February 3-
_922409
245 1 4 _aThe legal philosophy of H.L.A. Hart :
_ba critical appraisal /
_cMichael Martin.
260 _aPhiladelphia :
_bTemple University Press,
_c1987.
300 _axi, 315 p. ;
_c24 cm.
500 _aIncludes index.
504 _aBibliography: p. 283-310.
600 1 0 _aHart, H. L. A.
_q(Herbert Lionel Adolphus),
_d1907-1992.
_922410
650 0 _aLaw
_xPhilosophy.
_910576
906 _a7
_bcbc
_corignew
_d1
_eocip
_f19
_gy-gencatlg
942 _2lcc
_cMONOGRAPH
999 _c124209
_d124209